A Text book of physics (Record no. 4598)

MARC details
000 -LEADER
fixed length control field 00531nam a2200181Ia 4500
003 - CONTROL NUMBER IDENTIFIER
control field IN-BaIIA
008 - FIXED-LENGTH DATA ELEMENTS--GENERAL INFORMATION
fixed length control field 211028s9999 xx 000 0 eng d
040 ## - CATALOGING SOURCE
Transcribing agency IIA Library
080 ## - UNIVERSAL DECIMAL CLASSIFICATION NUMBER
Universal Decimal Classification number 53
Item number DUN
100 ## - MAIN ENTRY--PERSONAL NAME
Personal name Duncan, J
9 (RLIN) 8111
245 #2 - TITLE STATEMENT
Title A Text book of physics
Remainder of title pt. 2, heat, for the use of students of science and engineering
Statement of responsibility, etc. J. Duncan and S. G. Starling
260 ## - PUBLICATION, DISTRIBUTION, ETC.
Place of publication, distribution, etc. London
Name of publisher, distributor, etc. Macmillan
Date of publication, distribution, etc. 1931
300 ## - PHYSICAL DESCRIPTION
Extent xii, 314-548p.
650 ## - SUBJECT ADDED ENTRY--TOPICAL TERM
Topical term or geographic name entry element NASA Thesaurus
650 ## - SUBJECT ADDED ENTRY--TOPICAL TERM
Topical term or geographic name entry element Physics
9 (RLIN) 73
700 ## - ADDED ENTRY--PERSONAL NAME
Personal name Starling, S. G
9 (RLIN) 8112
942 ## - ADDED ENTRY ELEMENTS (KOHA)
Koha item type Books
Holdings
Withdrawn status Lost status Damaged status Not for loan Home library Current library Shelving location Date acquired Total Checkouts Full call number Barcode Date last seen Price effective from Koha item type
        IIA Library-Bangalore IIA Library-Bangalore General Stacks     53/ DUN 5131 05/11/2021   Books

Powered by Koha